Foundations of chemistry /
Na minha lista:
| Autor principal: | |
|---|---|
| Outros Autores: | , |
| Formato: | Sách giấy |
| Idioma: | English |
| Publicado em: |
New York :
Holt, Rinehart and Winston,
1968.
|
| Assuntos: | |
| Tags: |
Adicionar Tag
Sem tags, seja o primeiro a adicionar uma tag!
|
| Thư viện lưu trữ: | Thư viện Trường Đại học Đà Lạt |
|---|
| LEADER | 00750nam a2200313 4500 | ||
|---|---|---|---|
| 001 | DLU110116009 | ||
| 005 | ##20110216 | ||
| 040 | # | # | |a DLU |b vie |
| 041 | # | # | |a eng |
| 044 | # | # | |a arm |
| 082 | # | # | |a 540 |b TO-E |
| 100 | # | # | |a Toon, Ernest. |
| 245 | # | # | |a Foundations of chemistry / |c Ernest Toon, George L. Ellis, Jacob Brodkin. |
| 260 | # | # | |a New York : |b Holt, Rinehart and Winston, |c 1968. |
| 300 | # | # | |a xii, 803 p. ; |c 24 cm. |
| 653 | # | # | |a Chemistry |
| 700 | # | # | |a Brodkin, Jacob. |
| 700 | # | # | |a Ellis, George L. |
| 923 | # | # | |a 01/2010 |
| 991 | # | # | |a GT |
| 992 | # | # | |a 0 |
| 994 | # | # | |a DLU |
| 900 | # | # | |a True |
| 911 | # | # | |a Đào Thị Thu Huyền |
| 925 | # | # | |a G |
| 926 | # | # | |a A |
| 927 | # | # | |a SH |
| 980 | # | # | |a Thư viện Trường Đại học Đà Lạt |